000 00308nam a22001337a 4500
008 250319b |||||||| |||| 00| 0 eng d
020 _a9780595643
050 _aPN59
_b.A
100 _aASOBELE Timothy
245 _aLangbasa
260 _aLagos
_bBrintview Communication
_c2001
300 _a96p.
942 _cBK
999 _c2476
_d2476